000 01613 a2200217 4500
001 13124
005 20260407155441.0
008 260407a2000 arg spa d
003 AR-UNSa-BCEJYS
040 _aAR-UNSa-BCEJYS
_bspa
_cAR-UNSa-BCEJYS
080 _a330.43
_xEconometría
245 1 0 _aAn Introduction to Applied Econometrics
_pA Time Series Approach
020 _a978-0-333-80246-5
264 1 _aBasingstoke :
_bPalgrave Macmillan
_c2000
300 _axxvi, 795 p.
_c24 cm.
505 _a1. Economics and quantitative economics - 2. Some preliminaries - 3. An introduction to stationary and nonstationary random variables - 4. Estimation and hypothesis testing in simple regression models - 5. Extending estimation and model building to several regressors - 6. An introduction to nonstationary univariable time series models - 7. Developments of nonstationary univariable time series models - 8. Stationary and nonstionary in single-equation regression analysis - 9. Endogeneity and the fully modified OLS estimator - 10. The demand ofr money - 11. The term structure of interest rates - 12. The Phillips curve - 13. The exchange rate and purchasing power parity - 14. Multivariate models and cointegration - 15. Applications of multivariate models involving cointegration - 16. Autoregressive conditional heteroscedasticity: modelling volatility
942 _cBK
590 _aniveau_biblio:m niveau_hierar:0
100 1 _aPatterson, Kerry
856 4 1 _uhttps://biblioeco.unsa.edu.ar/pmb/images/libros/An Introduction to Applied Econometrics Patterson, Kerry (2000).jpg
_yImagen de portada
_qimage/jpeg
999 _c510
_d510